| 000 | 00452nam a22001697a 4500 | ||
|---|---|---|---|
| 003 | OSt | ||
| 008 | 240418b |||||||| |||| 00| 0 eng d | ||
| 020 | _a9789355734570 | ||
| 082 | _a658.84 ZAI | ||
| 100 | _aZAHAY,Debra | ||
| 245 | _aInternet Marketing Integrating Online and Offline Strategies in a Digital environment | ||
| 250 | _a4th Ed | ||
| 260 |
_aNew Delhi _bCengage _c2023 |
||
| 300 | _a562 | ||
| 700 | _aROBERTS,Mary Lou | ||
| 942 |
_2ddc _cBK |
||
| 999 |
_c12520 _d12520 |
||